Statistiken für Finde die geheime Kategorie #4

Klicken Sie hier um das Quiz zu spielen!

Allgemein

  • Dieses Quiz wurde 157 mal gespielt
  • Das Durchschnittsergebnis liegt bei 8 aus 20

Antwortstatistiken

HintAntwort% Korrekt
Deutsche „Republik“ zwischen den WeltkriegenWeimar
83%
Führte Elefanten über die AlpenHannibal
72%
NATO-Alphabet für „A“Alpha
63%
Stadt mit dem Namenszusatz „Lutherstadt“Wittenberg
59%
Flussmündung in See oder MeerDelta
54%
Vorname der Mutter von Harry PotterLily
54%
Deutsche Sängerin; z. B. VincentSarah Connor
53%
Geheime KategorieGriechische Buchstaben
50%
Ehefrau des Charles III.Camilla
46%
Schweizer UhrenherstellerOmega
43%
Konjunktion um Alternativen zu formulierenoder
42%
Mensch aus der Zukunft in EntenhausenGamma
39%
Pokémon Professor in Rot/BlauEich
36%
Geheime KategoriePflanzen
30%
Pflanzenstarterpokemon der 2ten GenerationEndivie
24%
Geheime Kategoriein den neuen Bundesländern
19%
deutsche Eurodance-Band, z. B. Captain JackCaptain Jack
14%
Geheime KategorieFilmcharaktere
12%
Namenszusatz der Askanier, bekannt durch AdoptionenAnhalt
11%
GattinBraut
7%

Verteilung der Resultate

Perzentil nach korrekt beantworteten Fragen

Anzahl Personen mit jedem Resultat

Ihre Resultats-Entwicklung

Sie haben dieses Quiz noch nicht gespielt